| 000 | 00746nam a2200193 4500 | ||
|---|---|---|---|
| 001 | 123818 | ||
| 003 | ES-MaACL | ||
| 005 | 20230906192242.0 | ||
| 007 | t| | ||
| 008 | 070214s1942 sp r ||||1| lat d | ||
| 100 | 1 |
_aRamírez, J. M. _995094 |
|
| 245 | 1 | 0 |
_aDe hominis beatitudine Tractatus theologicae S. Tomae Aquinatis concinnatus Quem edebat / _cJ. M. Ramírez, O. P. |
| 260 |
_aMatriti : _bBurgis Typis Aldecoa, _c1942. |
||
| 300 |
_a2 v. ; _c23 cm. |
||
| 500 | _aPrecede al tít.: Consejo Superior de Investigaciones científicas, Patronato Raimundo Lulio, Instituto Francisco Suárez. | ||
| 710 | 2 |
_aPatronato Raimundo Lulio (Madrid) _96198 |
|
| 710 | 2 |
_aInstituto "Francisco Suárez" _95062 |
|
| 852 |
_aES-MaACL _jB-10606-7 _bR.21761 |
||
| 999 |
_c123818 _d123818 |
||